[Event "19. Obert Int. Sant Marti 2017"]
[Site "Barcelona ESP"]
[Date "2017.07.19"]
[Round "7.57"]
[White "David, Bogdan-Emanuel"]
[Black "Llados Clos, Jaume"]
[Result "0-1"]
[WhiteElo "2062"]
[BlackElo "1801"]
[PlyCount "110"]
[EventDate "2017.07.13"]
[EventType "swiss"]
[EventRounds "9"]
[EventCountry "ESP"]
[SourceTitle "Ajedrez en Madrid"]
[Source "lmi"]
[SourceDate "2017.07.13"]
[SourceVersion "1"]
[SourceVersionDate "2019.06.21"]
[SourceQuality "1"]

1. e4 Nf6 2. e5 Nd5 3. d4 d6 4. Nf3 dxe5 5. Nxe5 c6 6. Be2 g6 7. c4 Nb6 8. Nc3
Bg7 9. Nf3 Bg4 10. Be3 Bxf3 11. gxf3 N8d7 12. Qb3 Qc7 13. O-O-O e6 14. Kb1 O-O
15. h4 h5 16. Rhg1 Kh7 17. Qc2 Nc8 18. f4 f5 19. Bf3 Nd6 20. c5 Nc8 21. Qb3 Re8
22. Rg2 Nf8 23. Rdg1 Bh6 24. d5 exd5 25. Nxd5 cxd5 26. Bxd5 Ne7 27. Bxb7 Rab8
28. Qf7+ Bg7 29. Rxg6 Nfxg6 30. Rxg6 Rg8 31. Re6 Rgf8 32. Qxh5+ Kg8 33. Rxe7
Qxe7 34. Bd5+ Rf7 35. Qxf5 Rxb2+ 36. Kc1 Rb8 37. h5 Qf6 38. Qxf6 Bxf6 39. c6
Kf8 40. Bxf7 Kxf7 41. Bxa7 Rc8 42. Kd2 Rxc6 43. Ke3 Ra6 44. Bc5 Rxa2 45. f5 Ra5
46. Bb6 Rxf5 47. f4 Rxh5 48. Ke4 Ke6 49. Bc7 Rh4 50. Bb8 Be7 51. Ba7 Rh1 52.
f5+ Kf7 53. Kf4 Ra1 54. Bb6 Ra4+ 55. Kf3 Kf6 0-1

[Event "19. Obert Int. Sant Marti 2017"]
[Site "Barcelona ESP"]
[Date "2017.07.19"]
[Round "7.58"]
[White "Gandhi, Anish"]
[Black "Guix Torres, David"]
[Result "0-1"]
[WhiteElo "2012"]
[BlackElo "2055"]
[PlyCount "108"]
[EventDate "2017.07.13"]
[EventType "swiss"]
[EventRounds "9"]
[EventCountry "ESP"]
[SourceTitle "Ajedrez en Madrid"]
[Source "lmi"]
[SourceDate "2017.07.13"]
[SourceVersion "1"]
[SourceVersionDate "2019.06.21"]
[SourceQuality "1"]

1. e4 c5 2. Nf3 d6 3. d4 cxd4 4. Nxd4 Nf6 5. Nc3 g6 6. Be3 Bg7 7. f3 O-O 8. Qd2
Nc6 9. O-O-O Nxd4 10. Bxd4 Be6 11. Kb1 Qc7 12. g4 Rfc8 13. h4 Qa5 14. a3 Rab8
15. g5 Nh5 16. Bxg7 Kxg7 17. f4 Rxc3 18. bxc3 Qxa3 19. Qd4+ Kg8 20. Bc4 Rc8 21.
Bxe6 fxe6 22. Qb4 Qxc3 23. Qxc3 Rxc3 24. Rd3 Rc4 25. Ra3 a6 26. Rb3 b5 27. Kb2
Rxe4 28. Ra1 Rxf4 29. Rxa6 Rxh4 30. Rxb5 Ng7 31. Kc3 Kf7 32. Rb8 e5 33. Rh8 Ne6
34. Rb8 Nxg5 35. Ra7 Ne4+ 36. Kd3 Nf6 37. Rbb7 Nd5 38. Ke2 Ke6 39. Kf3 Rc4 40.
Kg3 Rxc2 41. Kg4 h5+ 42. Kg5 Rg2+ 43. Kh4 Nf4 44. Rxe7+ Kd5 45. Ra5+ Kc6 46.
Ra6+ Kb5 47. Rxe5+ dxe5 48. Ra5+ Kc4 49. Rc5+ Kd3 50. Rc3+ Kd2 51. Rc2+ Kd1 52.
Rc1+ Ke2 53. Re1+ Kd2 54. Rd1+ Ke3 0-1

[Event "19. Obert Int. Sant Marti 2017"]
[Site "Barcelona ESP"]
[Date "2017.07.19"]
[Round "7.59"]
[White "Marchador Villalba, Jordi"]
[Black "Degraeve, Remy"]
[Result "0-1"]
[WhiteElo "1980"]
[BlackElo "2164"]
[PlyCount "70"]
[EventDate "2017.07.13"]
[EventType "swiss"]
[EventRounds "9"]
[EventCountry "ESP"]
[SourceTitle "Ajedrez en Madrid"]
[Source "lmi"]
[SourceDate "2017.07.13"]
[SourceVersion "1"]
[SourceVersionDate "2019.06.21"]
[SourceQuality "1"]

1. d4 g6 2. Nf3 Bg7 3. Bf4 d6 4. e3 Nd7 5. Be2 e5 6. Bg3 Ne7 7. h3 O-O 8. O-O
f5 9. dxe5 dxe5 10. Bc4+ Kh8 11. Ng5 Qe8 12. Ne6 Nb6 13. Nxg7 Kxg7 14. Bxe5+
Kh6 15. Bb3 c5 16. c3 Nc6 17. Bd6 c4 18. Bxf8+ Qxf8 19. Bc2 Be6 20. Nd2 Rd8 21.
Qe2 Bd5 22. Nf3 Qf6 23. Rad1 Re8 24. h4 Kg7 25. Rd2 h6 26. Rfd1 Be4 27. g3 g5
28. hxg5 hxg5 29. Bxe4 fxe4 30. Nd4 Ne5 31. Qf1 Rh8 32. f3 exf3 33. Rh2 Rxh2
34. Kxh2 Ng4+ 35. Kg1 f2+ 0-1

[Event "19. Obert Int. Sant Marti 2017"]
[Site "Barcelona ESP"]
[Date "2017.07.19"]
[Round "7.60"]
[White "Claramunt Bassegoda, Marcel"]
[Black "Garcia Gil, Javier"]
[Result "0-1"]
[WhiteElo "1977"]
[BlackElo "2116"]
[PlyCount "104"]
[EventDate "2017.07.13"]
[EventType "swiss"]
[EventRounds "9"]
[EventCountry "ESP"]
[SourceTitle "Ajedrez en Madrid"]
[Source "lmi"]
[SourceDate "2017.07.13"]
[SourceVersion "1"]
[SourceVersionDate "2019.06.21"]
[SourceQuality "1"]

1. e4 e5 2. Nf3 Nc6 3. Bb5 a6 4. Ba4 d6 5. c3 Bd7 6. d4 Nge7 7. O-O Ng6 8. Re1
Be7 9. Nbd2 h6 10. Nf1 Bg5 11. Ng3 Bxc1 12. Qxc1 O-O 13. h3 Nxd4 14. cxd4 Bxa4
15. Qc3 exd4 16. Nxd4 Kh7 17. Ndf5 f6 18. Nh5 Rf7 19. Qe3 Qf8 20. Rac1 Bc6 21.
Nhxg7 Rxg7 22. Qxh6+ Kg8 23. Qxg7+ Qxg7 24. Nxg7 Kxg7 25. Rc3 Kf7 26. g3 Re8
27. Rce3 Rh8 28. h4 Rg8 29. Kh2 Ne5 30. f3 f5 31. Kh3 fxe4 32. fxe4 Bd7+ 33.
Kg2 Ke7 34. Rf1 c5 35. b3 b5 36. Re2 Bc6 37. Rf5 Ke6 38. Rh5 Ng4 39. Kh3 Nf6
40. Rh6 Ke5 41. h5 Bd7+ 42. Kg2 Bc6 43. Rg6 Rxg6 44. hxg6 Bxe4+ 45. Kh3 d5 46.
Kh4 Kf5 47. g7 Kg6 48. Rf2 Kxg7 49. Kg5 Nd7 50. g4 c4 51. bxc4 bxc4 52. Kf4 c3
0-1

[Event "19. Obert Int. Sant Marti 2017"]
[Site "Barcelona ESP"]
[Date "2017.07.19"]
[Round "7.61"]
[White "Mateu Farre, Josep Maria"]
[Black "Fuentes Godoy, Lilia Ivonne"]
[Result "0-1"]
[WhiteElo "1974"]
[BlackElo "2069"]
[PlyCount "48"]
[EventDate "2017.07.13"]
[EventType "swiss"]
[EventRounds "9"]
[EventCountry "ESP"]
[SourceTitle "Ajedrez en Madrid"]
[Source "lmi"]
[SourceDate "2017.07.13"]
[SourceVersion "1"]
[SourceVersionDate "2019.06.21"]
[SourceQuality "1"]

1. e4 c5 2. Nf3 Nc6 3. d4 cxd4 4. Nxd4 e5 5. Nxc6 bxc6 6. Bc4 Nf6 7. Qf3 Bb4+
8. Nd2 d5 9. exd5 cxd5 10. a3 Ba5 11. b4 Bc7 12. Bb5+ Bd7 13. Bxd7+ Qxd7 14.
Nb3 Bd6 15. Bg5 Ne4 16. Be3 Rc8 17. Qe2 f5 18. O-O O-O 19. Qd3 d4 20. Bd2 Nc3
21. Rfe1 Qf7 22. Qa6 Qd5 23. Qd3 Rf6 24. Re3 dxe3 0-1

[Event "19. Obert Int. Sant Marti 2017"]
[Site "Barcelona ESP"]
[Date "2017.07.19"]
[Round "7.62"]
[White "Rodriguez Vega, Blas"]
[Black "Di Chiara, Mauro"]
[Result "1/2-1/2"]
[WhiteElo "2048"]
[BlackElo "1964"]
[PlyCount "82"]
[EventDate "2017.07.13"]
[EventType "swiss"]
[EventRounds "9"]
[EventCountry "ESP"]
[SourceTitle "Ajedrez en Madrid"]
[Source "lmi"]
[SourceDate "2017.07.13"]
[SourceVersion "1"]
[SourceVersionDate "2019.06.21"]
[SourceQuality "1"]

1. d4 Nf6 2. Nf3 g6 3. Bf4 Bg7 4. e3 d6 5. h3 O-O 6. Be2 c5 7. O-O Nbd7 8. c4
Ne4 9. Nc3 Nxc3 10. bxc3 b6 11. a4 Bb7 12. a5 e5 13. Bh2 Qe7 14. Re1 Rac8 15.
Qb3 Rfe8 16. axb6 axb6 17. Ra7 Bxf3 18. Bxf3 exd4 19. cxd4 cxd4 20. Rd1 dxe3
21. fxe3 Nc5 22. Rxe7 Nxb3 23. Rxe8+ Rxe8 24. Rxd6 Be5 25. Bxe5 Rxe5 26. Kf2 b5
27. Rd5 Rxd5 28. cxd5 Nc5 29. e4 b4 30. Ke3 b3 31. Bd1 b2 32. Bc2 Kf8 33. Kd4
Nd7 34. Kc3 Ke7 35. Kxb2 Kd6 36. Kc3 Ke5 37. Kc4 f6 38. Kd3 Nb6 39. Bb3 Nc8 40.
Ke3 Nd6 41. Bc2 Nf7 1/2-1/2

[Event "19. Obert Int. Sant Marti 2017"]
[Site "Barcelona ESP"]
[Date "2017.07.19"]
[Round "7.63"]
[White "Monroy G., Nataly A."]
[Black "Avdhoot, Lendhe"]
[Result "1/2-1/2"]
[WhiteElo "1947"]
[BlackElo "2034"]
[PlyCount "66"]
[EventDate "2017.07.13"]
[EventType "swiss"]
[EventRounds "9"]
[EventCountry "ESP"]
[SourceTitle "Ajedrez en Madrid"]
[Source "lmi"]
[SourceDate "2017.07.13"]
[SourceVersion "1"]
[SourceVersionDate "2019.06.21"]
[SourceQuality "1"]

1. d4 Nf6 2. Nf3 e6 3. c4 Bb4+ 4. Bd2 Qe7 5. g3 Nc6 6. Bg2 Bxd2+ 7. Nbxd2 d6 8.
O-O a5 9. e4 e5 10. d5 Nb8 11. Ne1 O-O 12. Nd3 Na6 13. a3 Bg4 14. f3 Bd7 15. f4
c6 16. fxe5 dxe5 17. h3 cxd5 18. cxd5 a4 19. b4 axb3 20. Nxb3 Rfc8 21. Qd2 Ba4
22. Qb2 Nd7 23. Kh2 f6 24. Rfc1 Bb5 25. Rxc8+ Rxc8 26. Rc1 Nb6 27. Rxc8+ Nxc8
28. Nbc5 Nxc5 29. Qxb5 Nxd3 30. Qxd3 Qc5 31. Qb3 Nd6 32. Qa4 g6 33. Qd7 Nf7
1/2-1/2

[Event "19. Obert Int. Sant Marti 2017"]
[Site "Barcelona ESP"]
[Date "2017.07.19"]
[Round "7.64"]
[White "Meenal, Gupta"]
[Black "Degraeve, Thomas"]
[Result "1/2-1/2"]
[WhiteElo "1915"]
[BlackElo "2008"]
[PlyCount "96"]
[EventDate "2017.07.13"]
[EventType "swiss"]
[EventRounds "9"]
[EventCountry "ESP"]
[SourceTitle "Ajedrez en Madrid"]
[Source "lmi"]
[SourceDate "2017.07.13"]
[SourceVersion "1"]
[SourceVersionDate "2019.06.21"]
[SourceQuality "1"]

1. e4 e6 2. d4 d5 3. Nc3 dxe4 4. Nxe4 Bd7 5. Nf3 Bc6 6. Bd3 Nd7 7. O-O Ngf6 8.
Ng3 Be7 9. b3 O-O 10. c4 Bxf3 11. Qxf3 c6 12. Bb2 Qc7 13. Rfe1 Rfe8 14. Rad1
Rad8 15. h4 Nf8 16. Bb1 Rd7 17. Ne2 Qd8 18. Nf4 Ng6 19. Bxg6 hxg6 20. Nd3 Bd6
21. Ne5 Bxe5 22. dxe5 Nh7 23. Rxd7 Qxd7 24. Ba3 Qd8 25. Re4 Qd2 26. Qe2 Qxe2
27. Rxe2 Rd8 28. Bd6 f6 29. f4 g5 30. fxg5 fxg5 31. h5 Nf6 32. exf6 Rxd6 33.
fxg7 Kxg7 34. Kf2 Kh6 35. g4 c5 36. Re5 b6 37. Ke3 a5 38. a3 a4 39. bxa4 Rd4
40. Rxe6+ Kh7 41. Rxb6 Rxg4 42. a5 Rxc4 43. Rg6 Ra4 44. Rxg5 Rxa3+ 45. Kd2 Rxa5
46. Kc3 Ra3+ 47. Kc4 Kh6 48. Rxc5 Rh3 1/2-1/2

[Event "19. Obert Int. Sant Marti 2017"]
[Site "Barcelona ESP"]
[Date "2017.07.19"]
[Round "7.65"]
[White "Rojas Fernandez, Andres"]
[Black "Hernandez Requena, Francesc"]
[Result "1-0"]
[WhiteElo "1997"]
[BlackElo "1807"]
[PlyCount "73"]
[EventDate "2017.07.13"]
[EventType "swiss"]
[EventRounds "9"]
[EventCountry "ESP"]
[SourceTitle "Ajedrez en Madrid"]
[Source "lmi"]
[SourceDate "2017.07.13"]
[SourceVersion "1"]
[SourceVersionDate "2019.06.21"]
[SourceQuality "1"]

1. e4 c5 2. Nc3 Nc6 3. g3 g6 4. Bg2 Bg7 5. d3 d6 6. Be3 Nd4 7. Qd2 Rb8 8. Nd1
e5 9. c3 Nc6 10. Ne2 Nge7 11. Bh6 O-O 12. Bxg7 Kxg7 13. Ne3 Be6 14. O-O d5 15.
exd5 Nxd5 16. Rad1 f6 17. f4 Nxe3 18. Qxe3 Bd5 19. Qxc5 Bxg2 20. Kxg2 Qe7 21.
Qxe7+ Nxe7 22. fxe5 fxe5 23. Rxf8 Rxf8 24. Ng1 Rd8 25. Kf3 Kf6 26. Ke4 Nf5 27.
Rf1 Ke6 28. g4 Nd6+ 29. Ke3 h5 30. h3 e4 31. Ne2 hxg4 32. hxg4 g5 33. b3 exd3
34. Nd4+ Ke5 35. Kxd3 Rh8 36. Ke3 Rh2 37. Nf3+ 1-0

[Event "19. Obert Int. Sant Marti 2017"]
[Site "Barcelona ESP"]
[Date "2017.07.19"]
[Round "7.66"]
[White "Jijo, Joy"]
[Black "Marzo Pie, Xavier"]
[Result "1/2-1/2"]
[WhiteElo "1647"]
[BlackElo "1996"]
[PlyCount "100"]
[EventDate "2017.07.13"]
[EventType "swiss"]
[EventRounds "9"]
[EventCountry "ESP"]
[SourceTitle "Ajedrez en Madrid"]
[Source "lmi"]
[SourceDate "2017.07.13"]
[SourceVersion "1"]
[SourceVersionDate "2019.06.21"]
[SourceQuality "1"]

1. e4 c5 2. Nf3 Nc6 3. d4 cxd4 4. Nxd4 g6 5. Nc3 Bg7 6. Nde2 Nf6 7. g3 O-O 8.
Bg2 d6 9. O-O Bd7 10. h3 Rc8 11. Be3 Ne5 12. b3 Qa5 13. f4 Rxc3 14. Qe1 Neg4
15. Bd4 e5 16. Qxc3 Qa6 17. hxg4 exd4 18. Nxd4 Nxg4 19. Rad1 Qb6 20. Qd2 Bxd4+
21. Qxd4 Ne3 22. Qxb6 axb6 23. Rxd6 Nxf1 24. Kxf1 Bc6 25. e5 Bxg2+ 26. Kxg2 b5
27. Rb6 Rc8 28. Rxb5 Rxc2+ 29. Kf3 Rxa2 30. Rxb7 Rb2 31. b4 Rb3+ 32. Kg4 h6 33.
b5 Kf8 34. b6 Kg8 35. Kh4 Rb4 36. Rb8+ Kg7 37. b7 Rb3 38. g4 Kh7 39. g5 hxg5+
40. Kxg5 Kg7 41. f5 gxf5 42. Kxf5 Rb4 43. Kg5 Rb1 44. Kf4 Rb2 45. Ke4 Rb1 46.
Kd5 Rd1+ 47. Kc6 Rc1+ 48. Kd7 Rd1+ 49. Ke7 Rb1 50. Ke8 Rb2 1/2-1/2

[Event "19. Obert Int. Sant Marti 2017"]
[Site "Barcelona ESP"]
[Date "2017.07.19"]
[Round "7.67"]
[White "Perez Garcia, Adria"]
[Black "Advait, Bagri"]
[Result "1/2-1/2"]
[WhiteElo "2123"]
[BlackElo "1772"]
[PlyCount "88"]
[EventDate "2017.07.13"]
[EventType "swiss"]
[EventRounds "9"]
[EventCountry "ESP"]
[SourceTitle "Ajedrez en Madrid"]
[Source "lmi"]
[SourceDate "2017.07.13"]
[SourceVersion "1"]
[SourceVersionDate "2019.06.21"]
[SourceQuality "1"]

1. e4 e5 2. Nf3 Nc6 3. Bb5 a6 4. Ba4 Nf6 5. O-O b5 6. Bb3 Be7 7. d4 d6 8. dxe5
Nxe5 9. Nxe5 dxe5 10. Qxd8+ Bxd8 11. Be3 Bb7 12. f3 O-O 13. a4 Be7 14. Nc3 b4
15. Nb1 Nd7 16. Nd2 Bc5 17. Kf2 Bxe3+ 18. Kxe3 Nc5 19. Bc4 Rad8 20. b3 Rd4 21.
Rfd1 Rfd8 22. Be2 f6 23. Nc4 Bc8 24. Rxd4 Rxd4 25. Rd1 Rxd1 26. Bxd1 Ne6 27.
Nb2 Nd4 28. Nd3 a5 29. Nc5 g5 30. Kd3 Kf8 31. c3 Nc6 32. Kc4 bxc3 33. Kxc3 Nb4
34. Be2 Ke7 35. Bc4 Kd6 36. Nd3 Nxd3 37. Bxd3 c5 38. g4 Be6 39. Bc4 Bxc4 40.
Kxc4 Kc6 41. Kc3 Kc7 42. Kd3 Kd6 43. Kc3 Kc7 44. Kd3 Kd6 1/2-1/2

[Event "19. Obert Int. Sant Marti 2017"]
[Site "Barcelona ESP"]
[Date "2017.07.19"]
[Round "7.68"]
[White "Vigo Allepuz, David"]
[Black "Alcala Valiente, Juan Carlos"]
[Result "0-1"]
[WhiteElo "2104"]
[BlackElo "1987"]
[PlyCount "102"]
[EventDate "2017.07.13"]
[EventType "swiss"]
[EventRounds "9"]
[EventCountry "ESP"]
[SourceTitle "Ajedrez en Madrid"]
[Source "lmi"]
[SourceDate "2017.07.13"]
[SourceVersion "1"]
[SourceVersionDate "2019.06.21"]
[SourceQuality "1"]

1. d4 f5 2. Bg5 Nf6 3. Bxf6 exf6 4. e3 d5 5. c4 c6 6. Nc3 Bb4 7. Qb3 Bxc3+ 8.
bxc3 dxc4 9. Bxc4 Qe7 10. Ne2 b5 11. Bd3 Be6 12. Qc2 g6 13. O-O Na6 14. a4 Nc7
15. Rfb1 a6 16. c4 O-O 17. Rc1 b4 18. a5 c5 19. Re1 Rad8 20. d5 Bc8 21. Nc1 Ne8
22. Nb3 Qc7 23. f3 Nd6 24. Qf2 Bd7 25. Qh4 Nf7 26. f4 Nd6 27. h3 Rde8 28. g4
Ne4 29. Bxe4 fxe4 30. Qg3 f5 31. Kg2 Kh8 32. g5 Re7 33. h4 Be8 34. d6 Qxd6 35.
Red1 Qc6 36. Rd5 Bf7 37. Rxc5 Qd6 38. Qf2 Rd7 39. Rc1 Kg8 40. Re5 Rc8 41. Qe2
Qd3 42. Qxd3 Rxd3 43. Nc5 Rc3 44. Rb1 Rxc4 45. Nxa6 Rc2+ 46. Kg1 b3 47. Rb5
Rc1+ 48. Rxc1 Rxc1+ 49. Kg2 Rc2+ 50. Kg3 b2 51. Nb8 Ba2 0-1

[Event "19. Obert Int. Sant Marti 2017"]
[Site "Barcelona ESP"]
[Date "2017.07.19"]
[Round "7.69"]
[White "Soham, Das"]
[Black "Brunet Gil, Pol"]
[Result "1-0"]
[WhiteElo "2020"]
[BlackElo "1906"]
[PlyCount "101"]
[EventDate "2017.07.13"]
[EventType "swiss"]
[EventRounds "9"]
[EventCountry "ESP"]
[SourceTitle "Ajedrez en Madrid"]
[Source "lmi"]
[SourceDate "2017.07.13"]
[SourceVersion "1"]
[SourceVersionDate "2019.06.21"]
[SourceQuality "1"]

1. e4 c5 2. Nf3 Nc6 3. Bb5 g6 4. Bxc6 dxc6 5. d3 Bg7 6. h3 Nf6 7. Nc3 O-O 8.
Be3 b6 9. Qd2 Nd7 10. Bh6 Re8 11. h4 e5 12. Bxg7 Kxg7 13. h5 Rh8 14. O-O-O f6
15. Nh4 g5 16. Nf5+ Kf7 17. Nd6+ Ke7 18. Nf5+ Kf7 19. g3 Nf8 20. Ne3 Ne6 21.
Ng2 g4 22. Ne2 Ng5 23. Nh4 Rg8 24. Qe3 Qe7 25. Rdf1 Rg7 26. Ng1 Be6 27. f4 gxf3
28. Ngxf3 Nxf3 29. Rxf3 Rf8 30. Rhf1 Ke8 31. Qh6 Rgf7 32. b3 Kd7 33. Kb2 Kc7
34. Nf5 Bxf5 35. Rxf5 Kb7 36. g4 Ka6 37. Qe3 Kb7 38. Qf2 h6 39. Qe3 Rh8 40.
R1f3 Qd6 41. Qf2 Qd4+ 42. Qxd4 cxd4 43. Rxf6 Rxf6 44. Rxf6 Rg8 45. Rg6 Rh8 46.
Kc1 c5 47. Kd2 Kc8 48. Ke2 Rh7 49. Re6 Rg7 50. Kf3 Rg5 51. Rxh6 1-0

[Event "19. Obert Int. Sant Marti 2017"]
[Site "Barcelona ESP"]
[Date "2017.07.19"]
[Round "7.70"]
[White "Prats Gaudo, Oscar"]
[Black "Severri Arrese, Carlos"]
[Result "1/2-1/2"]
[WhiteElo "2015"]
[BlackElo "1904"]
[PlyCount "121"]
[EventDate "2017.07.13"]
[EventType "swiss"]
[EventRounds "9"]
[EventCountry "ESP"]
[SourceTitle "Ajedrez en Madrid"]
[Source "lmi"]
[SourceDate "2017.07.13"]
[SourceVersion "1"]
[SourceVersionDate "2019.06.21"]
[SourceQuality "1"]

1. d4 Nf6 2. Bf4 d5 3. e3 c5 4. c3 Nc6 5. Nf3 Bg4 6. Be2 Qb6 7. Qb3 e6 8. Nbd2
c4 9. Qc2 Bf5 10. Qc1 Rc8 11. h3 h6 12. O-O Be7 13. b3 cxb3 14. axb3 O-O 15.
Qb2 a6 16. Rfc1 Nh7 17. Ne1 g5 18. Bh2 Qd8 19. Bd3 Bd6 20. e4 dxe4 21. Bxe4
Bxh2+ 22. Kxh2 g4 23. g3 Qf6 24. h4 Qg6 25. Bxf5 Qxf5 26. Nf1 Nf6 27. Ne3 Qe4
28. Qb1 h5 29. Qxe4 Nxe4 30. Nd3 f5 31. Kg2 Kf7 32. Nc4 Rcd8 33. Ra2 Rh8 34.
Re2 Kf6 35. Nf4 Rh6 36. Nd2 Nxd2 37. Rxd2 Kf7 38. Re2 Rd6 39. Rce1 b5 40. b4
Ne7 41. Nd3 Nd5 42. Rc1 Nc7 43. Re5 Rh8 44. Rc5 Nd5 45. Nf4 Nxf4+ 46. gxf4 Rhd8
47. Ra1 R8d7 48. Rc8 Rb6 49. Kf1 Ke7 50. Ke2 Kd6 51. Rh8 Kd5 52. Kd3 Rc6 53.
Rxh5 Rdc7 54. Ra3 a5 55. bxa5 b4 56. cxb4 Rc1 57. a6 Rd1+ 58. Ke2 Rcc1 59. Ra2
Ke4 60. a7 Re1+ 61. Kd2 1/2-1/2

[Event "19. Obert Int. Sant Marti 2017"]
[Site "Barcelona ESP"]
[Date "2017.07.19"]
[Round "7.71"]
[White "Moravich, Juan"]
[Black "Niklesh, Kumar Jain"]
[Result "1/2-1/2"]
[WhiteElo "2006"]
[BlackElo "1822"]
[PlyCount "159"]
[EventDate "2017.07.13"]
[EventType "swiss"]
[EventRounds "9"]
[EventCountry "ESP"]
[SourceTitle "Ajedrez en Madrid"]
[Source "lmi"]
[SourceDate "2017.07.13"]
[SourceVersion "1"]
[SourceVersionDate "2019.06.21"]
[SourceQuality "1"]

1. c4 Nf6 2. Nc3 g6 3. g3 Bg7 4. Bg2 d6 5. d3 Nbd7 6. e4 e5 7. Nge2 O-O 8. h3
a5 9. Be3 Nc5 10. Qd2 Be6 11. f4 Nfd7 12. O-O-O Rb8 13. g4 exf4 14. Nxf4 Na6
15. b3 Nb4 16. Nfe2 c6 17. d4 f6 18. a3 Na6 19. Bh6 Bxh6 20. Qxh6 Qb6 21. Kc2
c5 22. d5 Bf7 23. Rdf1 a4 24. Nxa4 Qa5 25. Qd2 Qxd2+ 26. Kxd2 b5 27. cxb5 Rxb5
28. Kc2 Rfb8 29. Nc1 c4 30. Rf3 Ne5 31. Rc3 Ra5 32. Nb2 cxb3+ 33. Rxb3 Rc8+ 34.
Kb1 Nc5 35. Rc3 Rb8 36. Rf1 Rxb2+ 37. Kxb2 Na4+ 38. Kb3 Nxc3 39. Kxc3 Rxa3+ 40.
Kb4 Rg3 41. Rf2 Be8 42. Bf1 Kg7 43. Ka5 Re3 44. Bg2 Rc3 45. Na2 Rc5+ 46. Kb6
Nc4+ 47. Kb7 Na5+ 48. Ka6 Nc4 49. Bf1 Bb5+ 50. Ka7 Na3 51. Bxb5 Nxb5+ 52. Kb6
Na3 53. Rf3 Nc4+ 54. Kb7 Nd2 55. Re3 Kf7 56. Nc3 Ke7 57. h4 Nc4 58. Rf3 Ne5 59.
Rg3 Nxg4 60. Na4 Rc4 61. Nb6 Rxe4 62. Nc8+ Kd7 63. Nb6+ Ke8 64. Kc7 Rb4 65. Nc8
Rc4+ 66. Kxd6 Rxc8 67. Rxg4 f5 68. Ra4 Kf7 69. Ra7+ Kf6 70. Kd7 Rf8 71. Ra6+
Ke5 72. Ke7 Rh8 73. d6 h6 74. d7 g5 75. Re6+ Kf4 76. hxg5 hxg5 77. Rf6 Ra8 78.
Ra6 Rh8 79. Rh6 Ra8 80. Rc6 1/2-1/2

[Event "19. Obert Int. Sant Marti 2017"]
[Site "Barcelona ESP"]
[Date "2017.07.19"]
[Round "7.72"]
[White "Sama Salinas, Alejandro"]
[Black "Catala Ulied, Bernat"]
[Result "1-0"]
[WhiteElo "2000"]
[BlackElo "1761"]
[PlyCount "119"]
[EventDate "2017.07.13"]
[EventType "swiss"]
[EventRounds "9"]
[EventCountry "ESP"]
[SourceTitle "Ajedrez en Madrid"]
[Source "lmi"]
[SourceDate "2017.07.13"]
[SourceVersion "1"]
[SourceVersionDate "2019.06.21"]
[SourceQuality "1"]

1. d4 Nf6 2. c4 g6 3. Nc3 Bg7 4. e4 d6 5. Be2 O-O 6. Bg5 h6 7. Be3 e5 8. d5 a5
9. h4 Ne8 10. h5 g5 11. Bg4 Na6 12. Bxc8 Qxc8 13. g4 Nc5 14. f3 f6 15. Nge2 b6
16. b3 Rf7 17. Ng3 Bf8 18. Nf5 Kh7 19. Kf2 Rd7 20. Qc2 Rd8 21. a3 Ng7 22. Ng3
Qb7 23. b4 Nd7 24. Rhb1 axb4 25. axb4 Rxa1 26. Rxa1 Ra8 27. Rxa8 Qxa8 28. Qa2
Qxa2+ 29. Nxa2 Kg8 30. Nc3 Kf7 31. Nb5 Ne8 32. Nf5 Nb8 33. Na7 Kg8 34. Ke2 Kh7
35. Kd3 Ng7 36. Ng3 Be7 37. Kc3 Kg8 38. Kb3 Kf7 39. Ka4 Ke8 40. Kb5 Kd7 41. Ne2
Ne8 42. Nc3 Bf8 43. Bf2 Be7 44. Nd1 Bf8 45. Ne3 Ng7 46. Nc6 Nxc6 47. dxc6+ Kc8
48. Nd5 Ne8 49. c5 bxc5 50. bxc5 Kb8 51. Kc4 Kc8 52. Nb4 Kb8 53. Kd5 Ng7 54.
Na6+ Kc8 55. Nb4 Kb8 56. Nd3 Kc8 57. cxd6 Bxd6 58. Bc5 Ne8 59. Ke6 Kd8 60. Kf7
1-0

[Event "19. Obert Int. Sant Marti 2017"]
[Site "Barcelona ESP"]
[Date "2017.07.19"]
[Round "7.73"]
[White "Vazquez Moreno, Josep M"]
[Black "Farre Buil, Carles"]
[Result "1-0"]
[WhiteElo "1991"]
[BlackElo "1856"]
[PlyCount "71"]
[EventDate "2017.07.13"]
[EventType "swiss"]
[EventRounds "9"]
[EventCountry "ESP"]
[SourceTitle "Ajedrez en Madrid"]
[Source "lmi"]
[SourceDate "2017.07.13"]
[SourceVersion "1"]
[SourceVersionDate "2019.06.21"]
[SourceQuality "1"]

1. e4 c5 2. Nf3 d6 3. d4 cxd4 4. Nxd4 Nf6 5. Nc3 g6 6. Be3 Bg7 7. f3 Nc6 8. Qd2
O-O 9. Bc4 Bd7 10. O-O-O Rb8 11. Bb3 Ne5 12. h4 b5 13. Qe2 b4 14. Nd5 Nh5 15.
Bg5 Re8 16. f4 Nc6 17. Nxc6 Bxc6 18. Qc4 Bxd5 19. Qxd5 e6 20. Qd3 Qb6 21. g4
Nf6 22. Bxf6 Bxf6 23. g5 Bg7 24. f5 Bf8 25. f6 Qc5 26. Qf3 h5 27. gxh6 Bxh6+
28. Kb1 Qe5 29. Rdg1 Kh7 30. Rg5 Qd4 31. Ba4 Red8 32. h5 Bxg5 33. hxg6+ Kxg6
34. Qh5+ Kxf6 35. Rf1+ Ke7 36. Qxf7# 1-0

[Event "19. Obert Int. Sant Marti 2017"]
[Site "Barcelona ESP"]
[Date "2017.07.19"]
[Round "7.74"]
[White "De Urquiza, Sebastian"]
[Black "Alcaraz Lopez, Francesc"]
[Result "1/2-1/2"]
[WhiteElo "1902"]
[BlackElo "1811"]
[PlyCount "99"]
[EventDate "2017.07.13"]
[EventType "swiss"]
[EventRounds "9"]
[EventCountry "ESP"]
[SourceTitle "Ajedrez en Madrid"]
[Source "lmi"]
[SourceDate "2017.07.13"]
[SourceVersion "1"]
[SourceVersionDate "2019.06.21"]
[SourceQuality "1"]

1. e4 c5 2. Nf3 Nc6 3. Nc3 g6 4. h4 h5 5. Bc4 Bg7 6. d3 Nf6 7. Bf4 a6 8. a4 d6
9. Qd2 Bd7 10. e5 dxe5 11. Nxe5 Nxe5 12. Bxe5 O-O 13. O-O Bc6 14. Qg5 Kh7 15.
Rad1 Bh6 16. Qg3 Ng4 17. Bf4 Bxf4 18. Qxf4 e5 19. Qg5 f6 20. Qd2 Qd7 21. f3
Qd4+ 22. Kh1 Nh6 23. g3 Nf5 24. Kh2 Rad8 25. Qf2 Rfe8 26. Ne4 Qxf2+ 27. Rxf2
Bxe4 28. fxe4 Nh6 29. Kh3 Ng4 30. Rf3 Kg7 31. Bd5 Re7 32. Rdf1 a5 33. c3 b6 34.
Rb1 f5 35. b4 axb4 36. cxb4 fxe4 37. dxe4 cxb4 38. Rxb4 Rc7 39. Rb2 Rdc8 40.
Be6 Rc2 41. Rxc2 Rxc2 42. Rf7+ Kh6 43. Bxg4 hxg4+ 44. Kxg4 Rc4 45. Kf3 Rxa4 46.
Rb7 Ra3+ 47. Kg2 Rb3 48. g4 Rb2+ 49. Kg3 Rb3+ 50. Kg2 1/2-1/2

[Event "19. Obert Int. Sant Marti 2017"]
[Site "Barcelona ESP"]
[Date "2017.07.19"]
[Round "7.75"]
[White "Al, Ansi Amin"]
[Black "Tateo, Ida"]
[Result "1-0"]
[WhiteElo "1948"]
[BlackElo "1238"]
[PlyCount "71"]
[EventDate "2017.07.13"]
[EventType "swiss"]
[EventRounds "9"]
[EventCountry "ESP"]
[SourceTitle "Ajedrez en Madrid"]
[Source "lmi"]
[SourceDate "2017.07.13"]
[SourceVersion "1"]
[SourceVersionDate "2019.06.21"]
[SourceQuality "1"]

1. e4 c5 2. Nf3 d6 3. d4 cxd4 4. Qxd4 Nc6 5. Bb5 Bd7 6. Bxc6 Bxc6 7. Nc3 Nf6 8.
Bg5 e5 9. Qd3 Be7 10. O-O-O O-O 11. Bxf6 Bxf6 12. Qxd6 Qa5 13. Qd3 Rad8 14. Qe2
Be7 15. Kb1 Qb6 16. Nxe5 Ba3 17. Nc4 Qc5 18. Nxa3 a6 19. Rxd8 Rxd8 20. Rd1
Rxd1+ 21. Nxd1 b5 22. c3 Qe5 23. f3 h6 24. Nc2 Qxh2 25. Nd4 Bd7 26. Qd2 Qd6 27.
Kc2 Qc7 28. Ne3 b4 29. Nd5 Qc5 30. Nxb4 Qa5 31. Kb1 Qh5 32. Nxa6 Qh1+ 33. Kc2
Ba4+ 34. b3 Bd7 35. Kb2 Qh5 36. Nb4 1-0